Statistiken für Landkreise und kreisfreie Städte Deutschlands mit "D"

Klicken Sie hier um das Quiz zu spielen!

Allgemein

  • Dieses Quiz wurde 389 mal gespielt
  • Das Durchschnittsergebnis liegt bei 12 aus 18

Antwortstatistiken

BundeslandKreis% Korrekt
Nordrhein-WestfalenDortmund
95%
Nordrhein-WestfalenDüsseldorf
94%
Nordrhein-WestfalenDuisburg
88%
HessenDarmstadt
84%
HessenDarmstadt-Dieburg
84%
SachsenDresden
78%
BayernDachau
74%
NiedersachsenDelmenhorst
71%
BayernDeggendorf
70%
BayernDillingen an der Donau
68%
Nordrhein-WestfalenDüren
68%
Sachsen-AnhaltDessau-Roßlau
59%
BayernDonau-Ries
59%
BayernDingolfing-Landau
55%
BrandenburgDahme-Spreewald
51%
Schleswig-HolsteinDithmarschen
51%
NiedersachsenDiepholz
48%
Rheinland-PfalzDonnersbergkreis
44%

Verteilung der Resultate

Perzentil nach korrekt beantworteten Fragen

Anzahl Personen mit jedem Resultat

Ihre Resultats-Entwicklung

Sie haben dieses Quiz noch nicht gespielt